000 00897cam a2200265 4500
001 ABS61431
008 000000n1999 000 0 eng u
035 _a(Sirsi) u100495
100 _aKnutt, E.
245 _aUniversities challenged
260 _c1999
490 _aEstates Gazette
_v(9937) 18 September 1999, 71-75(5)
520 _aFirst of two articles which examines education standards in the profession. Surveying is facing a skills shortage as students are rejecting property qualifications. Compares the RICS's agenda and the universities' proposals.
590 _aABS
650 _aSKILLS SHORTAGE
650 _aRICS
650 _aUNIVERSITIES
650 _aEDUCATION POLICY
650 _aSURVEYING EDUCATION
650 _aQUALIFICATIONS
650 _aSTUDENTS
690 _aMANAGEMENT-BUSINESS MANAGEMENT-PROFESSIONAL PRACTICE
700 _aSeidl, A.
942 _n0
999 _c60125
_d60125